| 000 | 00913nam a2200301Ia 4500 | ||
|---|---|---|---|
| 001 | Para_2929 | ||
| 003 | CHAP | ||
| 008 | 220125s1984 xx 000 0 und d | ||
| 010 | _a201451 | ||
| 040 | _cCHAP | ||
| 082 | _aPA 631.54 M3y | ||
| 100 |
_aMaxwell, Fowden G. _973166 |
||
| 245 |
_aMejoramiento de plantas resistentes a insectos / _c por Fowden G. Maxwell y Peter R. Jennings |
||
| 260 |
_aMéxico, D.F. : _b Limusa |
||
| 300 | _a696 p. | ||
| 650 |
_aControl biológico de plagas _927587 |
||
| 650 |
_aCultivos _x variedades resistentes a plagas _930336 |
||
| 650 |
_aPlantas _x mejoramiento _988849 |
||
| 650 |
_aPlantas _x resistencia a plagas _988885 |
||
| 700 |
_aJennings, Peter R. _9164813 |
||
| 901 | _aPA 631.54 M3Y | ||
| 902 | _aA | ||
| 905 | _a0000001984 CHAa 0000000000 00 | ||
| 910 | _a1984 | ||
| 942 | _cPARA | ||
| 942 |
_cPARA _d1 |
||
| 999 |
_c201451 _d201451 |
||